000 00627pab a2200205 454500
008 180718b2007 xxu||||| |||| 00| 0 eng d
100 _aNair, Sreelekha
245 _aRethinking citizenship, community and rights: the case of nurses from Kerala in Delhi
260 _c2007
300 _ap.137-56.
362 _aJan-Apr
650 _aCommunity - India - Kerala
650 _aCitizenship - India - Kerala
650 _aNationality - India - Kerala
650 _aParamedical personnel - India - Kerala
650 _aParamedical personnel
773 _aIndian Journal of Gender Studies
908 _aN
909 _a74756
999 _c74756
_d74756